Địa danh Thành phố Đà Nẳng Quyển 4
Enregistré dans:
| Auteur principal: | |
|---|---|
| Format: | Livre |
| Langue: | Vietnamese |
| Publié: |
Hà Nội
Văn hóa thông tin
2013
|
| Sujets: | |
| Tags: |
Ajouter un tag
Pas de tags, Soyez le premier à ajouter un tag!
|
| Thư viện lưu trữ: | Trung tâm Học liệu Lê Vũ Hùng, Trường Đại học Đồng Tháp |
|---|
| LEADER | 00890aam a22003018a 4500 | ||
|---|---|---|---|
| 001 | 00031390 | ||
| 005 | 20171026081023.0 | ||
| 008 | 131205s2013 ||||||viesd | ||
| 020 | |a 9786045003695 | ||
| 041 | 0 | # | |a vie |
| 082 | 1 | 4 | |a 915.975 1 |b Đ301D |
| 100 | 1 | # | |a Võ, Văn Hòe |
| 245 | 1 | 0 | |a Địa danh Thành phố Đà Nẳng |c Võ Văn Hòe |n Quyển 4 |
| 260 | # | # | |a Hà Nội |b Văn hóa thông tin |c 2013 |
| 300 | # | # | |a 647 tr. |c 21 cm. |
| 500 | # | # | |a ĐTTS ghi: Hội Văn nghệ dân gian Việt Nam |
| 504 | # | # | |a Thư mục: tr. 633--644 |
| 653 | # | # | |a Việt Nam |
| 653 | # | # | |a Đà Nẵng |
| 653 | # | # | |a Địa danh |
| 852 | # | # | |b Kho đọc |j KD.0015031 |
| 852 | # | # | |j KD.0015031 |
| 910 | |d 05/12/2013 | ||
| 980 | # | # | |a Trung tâm Học liệu Lê Vũ Hùng, Trường Đại học Đồng Tháp |


